000 00327nam a2200157Ia 4500
100 _aChilikin/M
650 _aElectrical Engineering
942 _cBK
654 _aElectronic
245 _aElectronic Drive
260 _bPitman
_aMoscow
_c1976
082 _a621.3
_bChi
300 _a495
546 _aENGLISH
999 _c28202
_d28202